000
00309nam a2200121Ia 4500
008
221007s9999 xx 000 0 und d
041
_a
eng
100
_a
University of Pune
_9
100174
245
_a
Master in Business Administration
260
_c
1993
_b
Pune University
_a
Pune
300
_a
27p
906
_b
General
999
_c
69653
_d
69653